000 00528nam a2200169 i 4500
001 91392
003 ES-MaACL
005 20230906180718.0
007 t|
008 050131s1917 fr ||||1| fre d
100 1 _aLevy, Paul-Emile.
_972009
245 1 2 _aL'education rationelle de la volonté
_b: son emploi thérapeutique /
_cPaul-Emile Levy ; préface de Bernheim.
250 _a2eme ed.
260 _aParis :
_bFélix Alcan,
_c1917 (
_eEvreux :
_fHérissey)
300 _aII, 278 p. ;
_c19 cm.
852 _aES-MaACL
_jB-11668
999 _c91392
_d91392